[Event "XXXIII Festival A"]
[Site "Torino ITA"]
[Date "2010.10.31"]
[Round "3"]
[White "Manni, Stefano"]
[Black "Grinza, Andrea"]
[Result "1/2-1/2"]
[WhiteElo "2005"]
[BlackElo "2239"]
[PlyCount "91"]
[EventDate "2010.10.29"]

1. d4 d5 2. Nf3 Nf6 3. e3 Bg4 4. h3 Bxf3 5. Qxf3 e6 6. c4 c6 7. Nc3 Bb4 8. Bd3
Nbd7 9. O-O O-O 10. cxd5 exd5 11. a3 Bd6 12. e4 dxe4 13. Nxe4 Nxe4 14. Qxe4 g6
15. f4 Nf6 16. Qf3 Bc7 17. Be3 Qd5 18. f5 Qxf3 19. Rxf3 Bb6 20. Bc4 Nd5 21. Bf2
Rad8 22. fxg6 fxg6 23. Rxf8+ Kxf8 24. Re1 Ne7 25. Rxe7 Kxe7 26. Bh4+ Kd7 27.
Bxd8 Bxd4+ 28. Kf1 Kxd8 29. b3 Bb2 30. a4 Kc7 31. Ke2 Kd6 32. Bg8 h6 33. Bh7 g5
34. Kd3 Kc5 35. Be4 Kb4 36. Kc2 Ka3 37. a5 a6 38. Bf5 Bf6 39. Bc8 Kb4 40. Bxb7
Kb5 41. Bc8 Kxa5 42. Bd7 c5 43. Bc8 Kb5 44. Bd7+ Kb4 45. Bc8 a5 46. Be6 1/2-1/2

[Event "XXXIII Festival A"]
[Site "Torino ITA"]
[Date "2010.10.31"]
[Round "4"]
[White "Colangelo, Mose'"]
[Black "Revello, Beatrice"]
[Result "1-0"]
[WhiteElo "1488"]
[BlackElo "1722"]
[PlyCount "103"]
[EventDate "2010.10.29"]

1. d4 Nf6 2. c4 e6 3. Nc3 Bb4 4. Bd2 d5 5. cxd5 Nxd5 6. Nxd5 Bxd2+ 7. Qxd2 Qxd5
8. Nf3 Nc6 9. e3 O-O 10. Bd3 Qa5 11. Qxa5 Nxa5 12. O-O b6 13. Rac1 Bb7 14. Rxc7
Bxf3 15. gxf3 Rfc8 16. Rfc1 Rxc7 17. Rxc7 Rb8 18. Be4 f5 19. Bc6 Nxc6 20. Rxc6
Re8 21. Rc7 Kf8 22. Rxa7 Re7 23. Rxe7 Kxe7 24. Kf1 Kd6 25. Ke2 Kc6 26. Kd3 b5
27. e4 g6 28. b4 h6 29. f4 h5 30. h4 Kd6 31. d5 e5 32. fxe5+ Kxe5 33. f3 fxe4+
34. fxe4 g5 35. hxg5 h4 36. g6 h3 37. g7 h2 38. g8=Q h1=Q 39. Qg5+ Kd6 40. Qf6+
Kd7 41. Qf7+ Kd8 42. Kd4 Qa1+ 43. Kc5 Qc3+ 44. Kxb5 Qd3+ 45. Kc5 Qc3+ 46. Kd6
Qxb4+ 47. Ke5 Qb2+ 48. Ke6 Qb5 49. Qf8+ Kc7 50. Qd6+ Kc8 51. Qc6+ Qxc6+ 52.
dxc6 1-0

[Event "XXXIII Festival A"]
[Site "Torino ITA"]
[Date "2010.10.31"]
[Round "4"]
[White "D'Amato, Piergiorgio"]
[Black "Cacinschi, Alexandru"]
[Result "1/2-1/2"]
[WhiteElo "1871"]
[BlackElo "1959"]
[PlyCount "68"]
[EventDate "2010.10.29"]

1. e4 g6 2. d4 c6 3. Nc3 d5 4. e5 Bg7 5. f4 Qb6 6. Nf3 Bg4 7. Be2 e6 8. O-O Ne7
9. Na4 Qc7 10. Nc5 b6 11. Nd3 O-O 12. Ng5 Bxe2 13. Qxe2 c5 14. c3 cxd4 15. cxd4
Rc8 16. Rf2 Nbc6 17. Be3 Nf5 18. Nf3 Na5 19. g4 Nxe3 20. Qxe3 Qd7 21. Nh4 Qd8
22. Qg3 Rc4 23. Nf3 Rac8 24. f5 Rc2 25. Raf1 Rxf2 26. Rxf2 Qd7 27. fxe6 fxe6
28. Ng5 Bh6 29. Rf7 Qd8 30. Nxe6 Qe8 31. Rf6 Rc6 32. Ndf4 Bxf4 33. Nxf4 Rxf6
34. exf6 Qe4 1/2-1/2

[Event "XXXIII Festival A"]
[Site "Torino ITA"]
[Date "2010.10.31"]
[Round "4"]
[White "Finocchiaro, Gianluca"]
[Black "Pulito, Alberto"]
[Result "0-1"]
[WhiteElo "2121"]
[BlackElo "2263"]
[PlyCount "70"]
[EventDate "2010.10.29"]

1. e4 d6 2. d4 Nf6 3. Bc4 Nbd7 4. Nc3 e5 5. Nf3 Be7 6. O-O O-O 7. h3 c6 8. a4
b6 9. Qe2 a6 10. Rd1 Qc7 11. Ba2 Rb8 12. Nh4 exd4 13. Nf5 Ne5 14. Nxe7+ Qxe7
15. Rxd4 b5 16. axb5 axb5 17. Bg5 b4 18. Na4 c5 19. Rd2 Bd7 20. Bd5 h6 21. Bf4
Nxd5 22. Rxd5 Bc6 23. Rd2 Bb5 24. Qh5 Nc4 25. Rd3 Qxe4 26. Rf3 Bc6 27. Nxc5
dxc5 28. Bxb8 g6 29. Qxc5 Rxb8 30. b3 Ne5 31. Rg3 Rd8 32. f4 Qxf4 33. Re3 Qg5
34. Kf1 Qxg2+ 35. Ke1 Nf3+ 0-1

[Event "XXXIII Festival A"]
[Site "Torino ITA"]
[Date "2010.10.31"]
[Round "4"]
[White "Flego, Dario"]
[Black "Cauzer, Luigi"]
[Result "0-1"]
[WhiteElo "1716"]
[BlackElo "1483"]
[PlyCount "42"]
[EventDate "2010.10.29"]

1. Nf3 Nf6 2. c4 c5 3. Nc3 Nc6 4. g3 b6 5. Bg2 Bb7 6. O-O g6 7. Rb1 Bg7 8. a3
O-O 9. b4 d6 10. Nd5 e6 11. Nxf6+ Bxf6 12. Bb2 cxb4 13. Bxf6 Qxf6 14. axb4 Nd4
15. c5 Nxf3+ 16. exf3 Ba6 17. f4 Bxf1 18. Bxa8 Bd3 19. Rb3 Bb5 20. Qf3 Qa1+ 21.
Kg2 Qf1# 0-1

[Event "XXXIII Festival A"]
[Site "Torino ITA"]
[Date "2010.10.31"]
[Round "4"]
[White "Grinza, Andrea"]
[Black "Gallucci, Alessio"]
[Result "0-1"]
[WhiteElo "2239"]
[BlackElo "2144"]
[PlyCount "94"]
[EventDate "2010.10.29"]

1. d4 Nf6 2. c4 e6 3. Nf3 b6 4. g3 Bb4+ 5. Bd2 Be7 6. Bg2 Bb7 7. O-O O-O 8. b3
Na6 9. Bc3 d5 10. Nbd2 Rc8 11. Ne5 c5 12. e3 Qc7 13. Rc1 Qb8 14. cxd5 exd5 15.
Qe2 Nc7 16. Rfe1 Ne6 17. Bh3 Rce8 18. Ndf3 Bd6 19. Bxe6 Rxe6 20. Ng5 Re7 21. f4
h6 22. Ngf3 Ne4 23. Nh4 Qc8 24. g4 Ba6 25. Qg2 Rc7 26. Bb2 c4 27. bxc4 Bxc4 28.
Nf5 Bb4 29. Nxc4 Rxc4 30. a3 Bxe1 31. Ne7+ Kh8 32. Nxc8 Bf2+ 33. Qxf2 Rxc1+ 34.
Bxc1 Nxf2 35. Ne7 Nxg4 36. Nxd5 Rc8 37. Bd2 Nxh2 38. Bb4 Rc2 39. Ne7 Nf3+ 40.
Kf1 a5 41. Bd6 h5 42. f5 h4 43. d5 h3 44. e4 Nd2+ 45. Kg1 Nxe4 46. Bf4 Rg2+ 47.
Kf1 Rf2+ 0-1

[Event "XXXIII Festival A"]
[Site "Torino ITA"]
[Date "2010.10.31"]
[Round "4"]
[White "Pogonea, Cozmin"]
[Black "Hsikou, Karim Carlo"]
[Result "1/2-1/2"]
[WhiteElo "1647"]
[BlackElo "1653"]
[PlyCount "20"]
[EventDate "2010.10.29"]

1. e4 e6 2. d4 d5 3. Nc3 Bb4 4. e5 c5 5. a3 Bxc3+ 6. bxc3 Ne7 7. Qg4 O-O 8. Bd3
Nbc6 9. Bh6 Ng6 10. Bxg6 hxg6 1/2-1/2

[Event "XXXIII Festival A"]
[Site "Torino ITA"]
[Date "2010.11.01"]
[Round "5"]
[White "Cacinschi, Alexandru"]
[Black "Colangelo, Mose'"]
[Result "1/2-1/2"]
[WhiteElo "1959"]
[BlackElo "1488"]
[PlyCount "145"]
[EventDate "2010.10.29"]

1. d4 Nf6 2. c4 g6 3. Nc3 Bg7 4. e4 d6 5. Nf3 O-O 6. Be2 e5 7. O-O Nc6 8. d5
Ne7 9. Nd2 Nd7 10. b4 f5 11. a4 Nf6 12. Ba3 f4 13. c5 g5 14. cxd6 cxd6 15. b5
Ng6 16. Nc4 Ne8 17. Rc1 Rf7 18. Bg4 Bf8 19. Be6 Bxe6 20. dxe6 Rc7 21. Nd5 Rg7
22. Qd2 Nf6 23. e7 Bxe7 24. Nxf6+ Bxf6 25. Qxd6 Qxd6 26. Bxd6 Re8 27. Rfd1 Be7
28. f3 Bxd6 29. Nxd6 Rd8 30. Nf5 Rgd7 31. Rxd7 Rxd7 32. Kf1 Ne7 33. Nh6+ Kg7
34. Ng4 Ng6 35. Rc5 b6 36. Rc2 h5 37. Nf2 Ne7 38. Ke2 Kf6 39. Nd3 Rd4 40. Ra2
Nc8 41. Kd2 Nd6 42. Kc3 Nb7 43. Nb4 Na5 44. Nd3 Rc4+ 45. Kd2 Nb3+ 46. Kd1 Rd4
47. Ra3 Rxd3+ 48. Kc2 Rd2+ 49. Kxb3 Rxg2 50. a5 Rd2 51. axb6 axb6 52. Kc3 Rd7
53. h3 Ke6 54. Ra6 Rb7 55. Ra8 Rc7+ 56. Kb4 g4 57. hxg4 hxg4 58. fxg4 f3 59.
Ra2 Rf7 60. Rf2 Rf4 61. Kc3 Rxe4 62. Rxf3 Rxg4 63. Rh3 Kd5 64. Rh5 Re4 65. Rg5
Rc4+ 66. Kb3 Rc5 67. Kb4 Rc1 68. Rg6 e4 69. Rxb6 e3 70. Rb8 e2 71. Rd8+ Ke4 72.
Re8+ Kf3 73. b6 1/2-1/2

[Event "XXXIII Festival A"]
[Site "Torino ITA"]
[Date "2010.11.01"]
[Round "5"]
[White "Fassio, Luca"]
[Black "Passerotti, Pierluigi"]
[Result "0-1"]
[WhiteElo "2071"]
[BlackElo "2268"]
[PlyCount "110"]
[EventDate "2010.10.29"]

1. e4 c5 2. c3 Nf6 3. e5 Nd5 4. d4 cxd4 5. cxd4 d6 6. Nf3 e6 7. a3 Nd7 8. Bd3
a6 9. O-O b5 10. Re1 Be7 11. Nbd2 dxe5 12. Nxe5 Nxe5 13. dxe5 Bb7 14. Ne4 h6
15. Qg4 Kf8 16. Qf3 Qc7 17. Qg3 Rd8 18. Bd2 Rd7 19. Rac1 Qd8 20. Bb1 g6 21. Ba2
Kg7 22. Bb1 Bh4 23. Qg4 Be7 24. g3 Qb8 25. f4 Qa7+ 26. Kg2 Qb6 27. Qe2 h5 28.
h4 a5 29. Kh3 b4 30. axb4 axb4 31. Bd3 Rhd8 32. Bb5 Rc7 33. Rxc7 Qxc7 34. Rc1
Qb6 35. Be1 Nxf4+ 36. gxf4 Bxe4 37. Bf2 Qb7 38. Ba6 Qd5 39. Be3 Bd3 40. Bxd3
Qxd3 41. Qf2 Qf5+ 42. Kg2 Rd3 43. Qf3 Bxh4 44. Rc4 Rb3 45. Qe2 Qg4+ 46. Qxg4
hxg4 47. Bc1 Rg3+ 48. Kh2 b3 49. Rb4 Rf3 50. Kg2 Rf2+ 51. Kg1 Rc2 52. Be3 Rxb2
53. Bd4 Rd2 54. Bc3 Rd3 55. Bb2 Rd1+ 0-1

[Event "XXXIII Festival A"]
[Site "Torino ITA"]
[Date "2010.11.01"]
[Round "5"]
[White "Macheda, Andrea"]
[Black "Pogonea, Cozmin"]
[Result "0-1"]
[WhiteElo "1887"]
[BlackElo "1647"]
[PlyCount "38"]
[EventDate "2010.10.29"]

1. c4 c5 2. Nc3 Nc6 3. Nf3 Nf6 4. g3 e6 5. Bg2 Be7 6. O-O O-O 7. d4 cxd4 8.
Nxd4 a6 9. e4 Nxd4 10. Qxd4 d6 11. b3 Qc7 12. Ba3 Rd8 13. Rad1 Rb8 14. f4 Ne8
15. Rfe1 Bf6 16. Qe3 b5 17. cxb5 Qxc3 18. Qa7 Rxb5 19. Rc1 Bd4+ 0-1

[Event "XXXIII Festival A"]
[Site "Torino ITA"]
[Date "2010.11.01"]
[Round "5"]
[White "Manino, Edoardo"]
[Black "Finocchiaro, Gianluca"]
[Result "1/2-1/2"]
[WhiteElo "1938"]
[BlackElo "2121"]
[PlyCount "26"]
[EventDate "2010.10.29"]

1. d4 Nf6 2. c4 c5 3. d5 b5 4. cxb5 a6 5. b6 Qxb6 6. Nc3 d6 7. e4 g6 8. Nf3 Bg4
9. Qa4+ Bd7 10. Qc2 Bg7 11. Nd2 O-O 12. Nc4 Qd8 13. a4 e6 1/2-1/2

[Event "XXXIII Festival A"]
[Site "Torino ITA"]
[Date "2010.11.01"]
[Round "5"]
[White "Revello, Beatrice"]
[Black "Ferrari, Alex"]
[Result "1-0"]
[WhiteElo "1722"]
[BlackElo "1590"]
[PlyCount "55"]
[EventDate "2010.10.29"]

1. d4 Nf6 2. c4 g6 3. Nc3 Bg7 4. Bf4 O-O 5. e3 d6 6. Be2 a5 7. h3 Na6 8. Bf3 c5
9. Nge2 Rb8 10. O-O Bd7 11. Rc1 b5 12. cxb5 Bxb5 13. Nxb5 Rxb5 14. dxc5 Nxc5
15. b3 Ne6 16. Qd3 Qb8 17. Bg3 Rc5 18. Rxc5 Nxc5 19. Qd2 Qb4 20. Qxb4 axb4 21.
Rc1 Rd8 22. Nd4 Na6 23. Nc6 Rd7 24. Be2 Nc5 25. Nxb4 Ra7 26. Rc2 Nfe4 27. Bh2
Nc3 28. Bf3 1-0

[Event "XXXIII Festival A"]
[Site "Torino ITA"]
[Date "2010.11.01"]
[Round "6"]
[White "Berutti, Mario"]
[Black "Grinza, Andrea"]
[Result "0-1"]
[WhiteElo "1787"]
[BlackElo "2239"]
[PlyCount "60"]
[EventDate "2010.10.29"]

1. e4 c6 2. d4 d5 3. exd5 cxd5 4. Nf3 Bg4 5. Bd3 Nc6 6. c3 e6 7. O-O Nf6 8. Be3
Bd6 9. Nbd2 Qc7 10. b3 Bxh2+ 11. Kh1 Bd6 12. c4 O-O 13. c5 Bf4 14. a3 Rad8 15.
Qe1 Rfe8 16. g3 Bxe3 17. fxe3 e5 18. Bb5 exd4 19. Nxd4 Nxd4 20. Bxe8 Rxe8 21.
Qf2 Nf5 22. Rg1 Ne4 23. Nxe4 dxe4 24. Qf4 Bf3+ 25. Kh2 Re6 26. Rgc1 Rh6+ 27.
Kg1 Nxe3 28. Kf2 Ng4+ 29. Ke1 Qxf4 30. gxf4 e3 0-1

[Event "XXXIII Festival A"]
[Site "Torino ITA"]
[Date "2010.11.01"]
[Round "6"]
[White "Colangelo, Mose'"]
[Black "Costea, Mihai"]
[Result "0-1"]
[WhiteElo "1488"]
[BlackElo "1896"]
[PlyCount "70"]
[EventDate "2010.10.29"]

1. d4 Nf6 2. c4 c5 3. d5 b5 4. cxb5 a6 5. bxa6 Bxa6 6. Nc3 g6 7. e4 Bxf1 8.
Kxf1 d6 9. g3 Bg7 10. Kg2 Nbd7 11. h3 O-O 12. f4 Qa5 13. Nf3 Rfb8 14. Qe2 Ne8
15. e5 Qd8 16. e6 Bxc3 17. exd7 Qxd7 18. bxc3 Nf6 19. c4 Rb4 20. a3 Rb3 21. Re1
Kf8 22. g4 Rab8 23. Ra2 Kg7 24. g5 Nh5 25. Qxe7 Qa4 26. Qxd6 Qxc4 27. Nd2 Nxf4+
28. Qxf4 Qxf4 29. Nxb3 Qc4 30. Rd2 Rxb3 31. Bb2+ Kf8 32. Bf6 Qh4 33. Kf1 Qxh3+
34. Rg2 Rg3 35. Ree2 Qh1+ 0-1

[Event "XXXIII Festival A"]
[Site "Torino ITA"]
[Date "2010.11.01"]
[Round "6"]
[White "Cortese, Alessandro"]
[Black "Manino, Edoardo"]
[Result "1-0"]
[WhiteElo "1970"]
[BlackElo "1938"]
[PlyCount "26"]
[EventDate "2010.10.29"]

1. d4 d5 2. c4 e6 3. cxd5 exd5 4. Nc3 c6 5. Qc2 Nf6 6. Bg5 Na6 7. a3 Be7 8. e3
Nc7 9. Bd3 O-O 10. Nf3 Ne6 11. Bxf6 Bxf6 12. Bxh7+ Kh8 13. Bd3 g6 1-0

[Event "XXXIII Festival A"]
[Site "Torino ITA"]
[Date "2010.11.01"]
[Round "6"]
[White "Ferrari, Alex"]
[Black "Nastro, Federico"]
[Result "1/2-1/2"]
[WhiteElo "1590"]
[BlackElo "1503"]
[PlyCount "79"]
[EventDate "2010.10.29"]

1. Nf3 d5 2. d4 Nf6 3. c4 c6 4. Nc3 e6 5. Bg5 Be7 6. e3 Nbd7 7. Qc2 O-O 8. Bd3
h6 9. Bf4 dxc4 10. Bxc4 b5 11. Bd3 Bb7 12. Rc1 a6 13. Ne4 Nd5 14. Bd6 Re8 15.
O-O f5 16. Bxe7 Qxe7 17. Ng3 Nb4 18. Qb3 Nxd3 19. Qxd3 Rad8 20. Qb3 c5 21. Nxf5
Qf8 22. N5h4 c4 23. Qc2 Nf6 24. a4 Be4 25. Qc3 g5 26. Ne5 gxh4 27. f3 Nd5 28.
fxe4 Nxc3 29. Rxf8+ Rxf8 30. bxc3 Rf6 31. axb5 axb5 32. Rb1 Ra8 33. h3 Ra3 34.
Rxb5 Rxc3 35. Kh2 h5 36. Rc5 Rxe3 37. Rxc4 Rxe4 38. Nf3 Ref4 39. Rc5 R6f5 40.
Rc8+ 1/2-1/2

[Event "XXXIII Festival A"]
[Site "Torino ITA"]
[Date "2010.11.01"]
[Round "6"]
[White "Finocchiaro, Gianluca"]
[Black "Manni, Stefano"]
[Result "1-0"]
[WhiteElo "2121"]
[BlackElo "2005"]
[PlyCount "37"]
[EventDate "2010.10.29"]

1. e4 e5 2. Nf3 Nc6 3. d4 exd4 4. Nxd4 Nf6 5. Nc3 Bc5 6. Be3 Bb6 7. Nxc6 bxc6
8. e5 Nd5 9. Nxd5 cxd5 10. Bxb6 axb6 11. Qxd5 Rb8 12. Bc4 O-O 13. O-O Bb7 14.
Qd2 Qe7 15. Rfe1 Kh8 16. Rad1 Rbd8 17. Re3 Bc6 18. Qd4 Rde8 19. Bd5 1-0

[Event "XXXIII Festival A"]
[Site "Torino ITA"]
[Date "2010.11.01"]
[Round "6"]
[White "Flego, Dario"]
[Black "Hsikou, Karim Carlo"]
[Result "0-1"]
[WhiteElo "1716"]
[BlackElo "1653"]
[PlyCount "46"]
[EventDate "2010.10.29"]

1. Nf3 Nf6 2. g3 d5 3. Bg2 e6 4. O-O c5 5. d3 Bd6 6. Nbd2 O-O 7. b3 Nc6 8. Bb2
Bd7 9. Re1 Ng4 10. e4 Qc7 11. exd5 exd5 12. h3 Nxf2 13. Kxf2 Bxg3+ 14. Kf1 Bxe1
15. Qxe1 Rfe8 16. Qh4 Re6 17. Qg5 Rg6 18. Qe3 Qg3 19. Qf2 Bxh3 20. Bxh3 Qxh3+
21. Ke1 Re8+ 22. Kd1 Rg2 23. Qh4 Rg1+ 0-1

[Event "XXXIII Festival A"]
[Site "Torino ITA"]
[Date "2010.11.01"]
[Round "6"]
[White "Gallucci, Alessio"]
[Black "Banchio, Davide"]
[Result "1/2-1/2"]
[WhiteElo "2144"]
[BlackElo "1945"]
[PlyCount "53"]
[EventDate "2010.10.29"]

1. e4 c5 2. Nf3 d6 3. d4 cxd4 4. Nxd4 Nf6 5. Nc3 g6 6. Be3 Bg7 7. f3 O-O 8. Qd2
Nc6 9. Bc4 Bd7 10. O-O-O Qa5 11. Kb1 Rfc8 12. Bb3 Ne5 13. h4 b5 14. Ncxb5 Qxd2
15. Rxd2 Rab8 16. Nc3 a5 17. a4 Rxc3 18. bxc3 Nc4 19. Re2 Nxe3 20. Rxe3 Bxa4
21. Ka1 Be8 22. Rb1 Kf8 23. Bc4 Rxb1+ 24. Kxb1 Nd7 25. Bb5 Bh6 26. Re2 Bf4 27.
g4 1/2-1/2

[Event "XXXIII Festival A"]
[Site "Torino ITA"]
[Date "2010.11.01"]
[Round "6"]
[White "Mori, Lorenzo"]
[Black "Fassio, Luca"]
[Result "0-1"]
[WhiteElo "1624"]
[BlackElo "2071"]
[PlyCount "152"]
[EventDate "2010.10.29"]

1. c4 g6 2. Nc3 Bg7 3. g3 e5 4. Bg2 Ne7 5. d3 O-O 6. Bd2 d6 7. Qc1 c5 8. Bh6
Nbc6 9. Bxg7 Kxg7 10. e3 Be6 11. Nge2 Qd7 12. O-O Bh3 13. Bxh3 Qxh3 14. Nb5
Rad8 15. Nec3 h5 16. Qd1 h4 17. Qf3 Rh8 18. Qg2 Qd7 19. Ne4 f5 20. Ng5 a6 21.
Nc3 Rb8 22. Nd5 b5 23. b3 Ng8 24. a4 bxc4 25. bxc4 Rb3 26. Rfb1 Rxd3 27. Rb6 e4
28. Rab1 Nge7 29. Rb7 Rd1+ 30. Rxd1 Qxb7 31. Nc7 Nc8 32. f3 Ne5 33. fxe4 h3 34.
Nce6+ Kf6 35. Qf2 Re8 36. exf5 Qg2+ 37. Qxg2 hxg2 38. Nh7+ Ke7 39. Nc7 Rh8 40.
Nd5+ Kd8 41. fxg6 Nxg6 42. Ng5 Ne5 43. Kxg2 Kd7 44. Rc1 Kc6 45. e4 Nb6 46. Nxb6
Kxb6 47. Nf3 Nxf3 48. Kxf3 Rxh2 49. g4 Ka5 50. g5 Kxa4 51. Ra1+ Kb4 52. Rxa6
Kxc4 53. Rxd6 Kc3 54. g6 Rh1 55. e5 Rg1 56. Kf4 c4 57. Kf5 Kb4 58. Kf6 c3 59.
Rc6 Rg4 60. g7 Rf4+ 61. Ke7 Rg4 62. Kf8 Rf4+ 63. Rf6 Rxf6+ 64. exf6 c2 65. g8=Q
c1=Q 66. Qg4+ Kb5 67. Qd7+ Kb6 68. Ke8 Qg5 69. Qd6+ Kb7 70. f7 Qh5 71. Qb4+ Kc7
72. Qc4+ Kd6 73. Qa6+ Kc7 74. Qa7+ Kc8 75. Qd7+ Kb8 76. Qd6+ 76... Kc8 $138 0-1

[Event "XXXIII Festival A"]
[Site "Torino ITA"]
[Date "2010.11.01"]
[Round "6"]
[White "Oggero, Alberto"]
[Black "Cacinschi, Alexandru"]
[Result "1/2-1/2"]
[WhiteElo "1751"]
[BlackElo "1959"]
[PlyCount "76"]
[EventDate "2010.10.29"]

1. d4 d5 2. Nf3 Nf6 3. g3 e6 4. Bg2 Be7 5. O-O O-O 6. Bf4 c5 7. c4 dxc4 8. dxc5
Bxc5 9. Qc2 Nc6 10. Qxc4 Be7 11. Nc3 Qa5 12. Qb5 Qxb5 13. Nxb5 Nd5 14. Bd6 Bxd6
15. Nxd6 Rd8 16. Nc4 b5 17. Nce5 Nxe5 18. Nxe5 Bb7 19. Nd3 Rac8 20. Rfc1 Ba8
21. a3 Kf8 22. b4 Nc3 23. Bf1 Ne4 24. h4 Nd2 25. Bg2 Bxg2 26. Kxg2 Ke7 27. Nc5
Rd4 28. Rc3 Rcd8 29. a4 Rxb4 30. axb5 Rxb5 31. Rxa7+ Kf8 32. Nd7+ Ke8 33. Rcc7
Ne4 34. Ne5 Rxe5 35. Re7+ Kf8 36. Rxf7+ Kg8 37. Rxg7+ Kh8 38. Rxh7+ Kg8 1/2-1/2

[Event "XXXIII Festival A"]
[Site "Torino ITA"]
[Date "2010.11.01"]
[Round "6"]
[White "Passerotti, Pierluigi"]
[Black "Pulito, Alberto"]
[Result "1/2-1/2"]
[WhiteElo "2268"]
[BlackElo "2263"]
[PlyCount "45"]
[EventDate "2010.10.29"]

1. d4 d5 2. c4 c6 3. Nc3 Nf6 4. Nf3 e6 5. Bg5 Nbd7 6. e3 Qa5 7. Nd2 Bb4 8. Bxf6
Nxf6 9. Qc2 e5 10. dxe5 Ne4 11. cxd5 Nxc3 12. bxc3 Bxc3 13. Rc1 Bb4 14. Bc4 Bf5
15. Qxf5 Bxd2+ 16. Ke2 Bxc1 17. e6 Qd2+ 18. Kf3 O-O 19. e7 Rfe8 20. d6 Qxd6 21.
Bxf7+ Kh8 22. Bxe8 Qxe7 23. Rxc1 1/2-1/2

[Event "XXXIII Festival B"]
[Site "Torino ITA"]
[Date "2010.10.31"]
[Round "3"]
[White "Yao, Stefano"]
[Black "Bartoli, Francesco"]
[Result "1-0"]
[WhiteElo "1422"]
[BlackElo "1359"]
[PlyCount "25"]
[EventDate "2010.10.29"]

1. d4 d5 2. c4 c6 3. Nf3 Nf6 4. Nc3 Nbd7 5. Bg5 h6 6. Bxf6 Nxf6 7. e3 e6 8. c5
b5 9. b4 Qc7 10. Ne5 Nd7 11. f4 f6 12. Qh5+ Ke7 13. Ng6+ 1-0

[Event "XXXIII Festival B"]
[Site "Torino ITA"]
[Date "2010.11.01"]
[Round "4"]
[White "Dente, Santiago"]
[Black "Di Giorgio, Salvatore"]
[Result "1/2-1/2"]
[WhiteElo "1485"]
[BlackElo "1431"]
[PlyCount "72"]
[EventDate "2010.10.29"]

1. d4 d5 2. c4 e6 3. Nc3 Nf6 4. Bg5 Be7 5. e3 h6 6. Bxf6 Bxf6 7. Nf3 O-O 8. Bd3
Nc6 9. a3 Qe7 10. cxd5 exd5 11. Nxd5 Qd8 12. Nxf6+ Qxf6 13. h3 Re8 14. O-O Bf5
15. Qc2 Bxd3 16. Qxd3 Rad8 17. Rad1 Qg6 18. Qxg6 fxg6 19. Rfe1 Na5 20. Rc1 Re7
21. Ne5 g5 22. b4 Nb3 23. Rc3 Nd2 24. f3 Rd5 25. Rd1 Rexe5 26. Rxd2 Re7 27. e4
Rd6 28. d5 c6 29. Rcd3 Red7 30. b5 cxd5 31. Rxd5 Rxd5 32. Rxd5 Rxd5 33. exd5
Kf7 34. Kf2 Kf6 35. Ke3 Ke5 36. Kd3 Kxd5 1/2-1/2

[Event "XXXIII Festival B"]
[Site "Torino ITA"]
[Date "2010.11.01"]
[Round "4"]
[White "Monge, Matteo"]
[Black "Solano, Michele"]
[Result "1/2-1/2"]
[WhiteElo "1356"]
[BlackElo "1368"]
[PlyCount "82"]
[EventDate "2010.10.29"]

1. e4 e5 2. Nf3 Nc6 3. Bc4 Bc5 4. d3 Nf6 5. Nc3 d6 6. Bg5 h6 7. Bxf6 Qxf6 8.
Nd5 Qd8 9. Qe2 O-O 10. c3 Bg4 11. h3 Bxf3 12. Qxf3 Na5 13. b4 Nxc4 14. dxc4 c6
15. bxc5 cxd5 16. cxd5 dxc5 17. c4 Qa5+ 18. Ke2 Qb4 19. Qd3 b5 20. Qb3 bxc4 21.
Qxb4 cxb4 22. Rac1 c3 23. a3 a5 24. a4 Rfc8 25. Kd3 Ra7 26. Rc2 Rac7 27. Rb1
Rc4 28. f3 Rd4+ 29. Ke2 g6 30. g4 f5 31. gxf5 gxf5 32. Ke3 fxe4 33. fxe4 Rf8
34. Rg1+ Kh7 35. Rg4 Rf1 36. Rcg2 h5 37. Rg7+ Kh8 38. Rg8+ Kh7 39. R8g7+ Kh8
40. Rg8+ Kh7 41. R8g7+ Kh8 1/2-1/2

[Event "XXXIII Festival B"]
[Site "Torino ITA"]
[Date "2010.11.01"]
[Round "4"]
[White "Panero, Simone"]
[Black "Yao, Stefano"]
[Result "0-1"]
[WhiteElo "1434"]
[BlackElo "1422"]
[PlyCount "78"]
[EventDate "2010.10.29"]

1. d4 Nf6 2. Nf3 e6 3. Nc3 Bb4 4. Bd2 d5 5. e3 c5 6. a3 Bxc3 7. Bxc3 Ne4 8. Bd2
Nc6 9. Be2 c4 10. O-O O-O 11. Be1 Bd7 12. Nd2 f5 13. f3 Nd6 14. Bg3 Nf7 15. b3
b5 16. Re1 Kh8 17. Nb1 g5 18. e4 f4 19. Bf2 Nh6 20. Nc3 Ne7 21. Bf1 Rc8 22. Qd2
a6 23. g3 Rf7 24. Bg2 Qc7 25. Rac1 Qa5 26. gxf4 gxf4 27. Bh4 Nc6 28. Bg5 Ng8
29. b4 Qc7 30. Qf2 Qd6 31. e5 Qf8 32. Re2 Rf5 33. Bf6+ Nxf6 34. exf6 Qxf6 35.
Kh1 Rh5 36. Rg1 Rg8 37. Nd1 Nxd4 38. c3 Nf5 39. Qf1 Ng3# 0-1

[Event "XXXIII Festival B"]
[Site "Torino ITA"]
[Date "2010.11.01"]
[Round "5"]
[White "Berardi, Gianluca"]
[Black "Lo Curto, Andrea"]
[Result "0-1"]
[WhiteElo "1347"]
[BlackElo "1344"]
[PlyCount "40"]
[EventDate "2010.10.29"]

1. e4 e5 2. Bc4 Nf6 3. Qe2 Bc5 4. Bxf7+ Kxf7 5. Qc4+ d5 6. Qxc5 Nxe4 7. Qe3 Qg5
8. Qxg5 Nxg5 9. d4 Ne6 10. dxe5 Nd4 11. Kd1 Bf5 12. Na3 Nbc6 13. Ne2 Nxe2 14.
Kxe2 Nxe5 15. Re1 Rhe8 16. Kf1 Nc4 17. Rxe8 Rxe8 18. Nxc4 dxc4 19. c3 Bd3+ 20.
Kg1 Re1# 0-1

[Event "XXXIII Festival B"]
[Site "Torino ITA"]
[Date "2010.11.01"]
[Round "5"]
[White "Griva, Stefano"]
[Black "Monge, Matteo"]
[Result "0-1"]
[WhiteElo "1269"]
[BlackElo "1356"]
[PlyCount "104"]
[EventDate "2010.10.29"]

1. d4 Nf6 2. c4 g6 3. Nc3 Bg7 4. e4 d6 5. Nf3 O-O 6. Be2 e5 7. O-O Nc6 8. d5
Ne7 9. b4 Nd7 10. Be3 f5 11. Ng5 Nf6 12. Ne6 Bxe6 13. dxe6 f4 14. Bc1 g5 15.
Nd5 Nxe4 16. Nxe7+ Qxe7 17. Bd3 Nf6 18. Bf5 h5 19. g3 Nh7 20. Bxh7+ Kxh7 21.
Qd5 c6 22. Qe4+ Kg8 23. b5 Qxe6 24. bxc6 bxc6 25. Qxc6 Rfc8 26. Qd5 Qxd5 27.
cxd5 Rc5 28. Rd1 Rb8 29. Ba3 Ra5 30. Bxd6 Rc8 31. Bb4 Ra4 32. a3 a5 33. Bd6 e4
34. Re1 Bxa1 35. Rxa1 Rd8 36. Be7 Rxd5 37. gxf4 gxf4 38. Re1 f3 39. h4 Rd3 40.
Re3 Rxe3 41. fxe3 Kf7 42. Bd6 Rc4 43. Kf2 Rc2+ 44. Kg3 f2 45. Kg2 Ke6 46. Bf8
Kf5 47. Bh6 Kg4 48. Bg5 f1=Q+ 49. Kxf1 Kf3 50. Ke1 Rc3 51. Be7 Rxe3+ 52. Kf1
Rd3 0-1

[Event "XXXIII Festival B"]
[Site "Torino ITA"]
[Date "2010.11.01"]
[Round "5"]
[White "Solano, Michele"]
[Black "Bartoli, Francesco"]
[Result "1/2-1/2"]
[WhiteElo "1368"]
[BlackElo "1359"]
[PlyCount "39"]
[EventDate "2010.10.29"]

1. e4 e6 2. d4 d5 3. Nc3 c5 4. Nf3 Nf6 5. e5 Ne4 6. Nxe4 dxe4 7. Ng5 Nc6 8. Bb5
Bd7 9. f3 Nxd4 10. Bxd7+ Qxd7 11. Nxe4 Be7 12. c3 Nf5 13. Qxd7+ Kxd7 14. O-O
Rhf8 15. Re1 h6 16. Be3 b6 17. b4 Nxe3 18. Rxe3 f6 19. exf6 gxf6 20. bxc5
1/2-1/2

[Event "XXXIII Festival B"]
[Site "Torino ITA"]
[Date "2010.11.01"]
[Round "5"]
[White "Yao, Stefano"]
[Black "Di Giorgio, Salvatore"]
[Result "1-0"]
[WhiteElo "1422"]
[BlackElo "1431"]
[PlyCount "79"]
[EventDate "2010.10.29"]

1. d4 Nf6 2. c4 e6 3. Nf3 d5 4. Bg5 Nbd7 5. Nc3 Bb4 6. e3 h6 7. Bxf6 Nxf6 8.
Qa4+ Qd7 9. Qxb4 b6 10. Ne5 a5 11. Qb3 Qd6 12. Nb5 Qd8 13. Bd3 Nd7 14. Nxd7
Bxd7 15. cxd5 exd5 16. Qxd5 c6 17. Nd6+ Ke7 18. Qe5+ Kf8 19. Qf4 Qe7 20. Nc4 b5
21. Nd2 Re8 22. O-O g5 23. Qe4 Qf6 24. Qf3 Qe7 25. Qe2 h5 26. Rfe1 Qd8 27. Ne4
g4 28. Nc5 Bc8 29. a4 b4 30. Bc4 h4 31. Rad1 Rg8 32. Rf1 h3 33. g3 Be6 34.
Nxe6+ fxe6 35. f3 gxf3 36. Qxf3+ Ke7 37. Qxc6 Rg6 38. Qc5+ Kd7 39. Rf7+ Re7 40.
Rxe7+ 1-0